000 00648nam a2200229Ia 4500
003 OSt
005 20221005070201.0
006 a|||||r|||| 00| 0
007 ta
008 221004b |||||||| |||| 00| 0 mal d
024 _a57954
037 _cTextual
040 _aCRL
_cCRL
_bmal
041 _2mal
_amal
082 _aP32, 111M1
100 _aKumari B Syamala Au.
_9605425
245 0 _aIntensive course in Malayalam
260 _aMysore
_bCentral institute of Indian language India
_c1981
650 _aMALAYALAM LANGUAGE
_9187542
942 _hP32, 111M1
_cTEXL
_2cc
999 _c975802
_d975802